Catálogo público

Diccionario de la lengua española / (Record no. 167323)

MARC details
000 -CABECERA
campo de control de longitud fija 00633nam a2200265Ia 4500
001 - NÚMERO DE CONTROL
campo de control Z_4260
003 - IDENTIFICADOR DEL NÚMERO DE CONTROL
campo de control CHAP
008 - DATOS DE LONGITUD FIJA--INFORMACIÓN GENERAL
campo de control de longitud fija 220113s2001 xx 000 0 und d
010 ## - NÚMERO DE CONTROL DE LA BIBLIOTECA DEL CONGRESO
Número de control de LC 167323
040 ## - FUENTE DE LA CATALOGACIÓN
Centro/agencia transcriptor CHAP
082 ## - NÚMERO DE LA CLASIFICACIÓN DECIMAL DEWEY
Número de clasificación 463 R4
100 ## - ENTRADA PRINCIPAL--NOMBRE DE PERSONA
Nombre de persona Real Academia Española
9 (RLIN) 94932
245 ## - MENCIÓN DE TÍTULO
Título Diccionario de la lengua española /
Mención de responsabilidad, etc. por La Real Academia Española
250 ## - MENCIÓN DE EDICIÓN
Mención de edición 22a ed.
260 ## - PUBLICACIÓN, DISTRIBUCIÓN, ETC.
Lugar de publicación, distribución, etc. Madrid :
Nombre del editor, distribuidor, etc. Espasa,
Fecha de publicación, distribución, etc. 2001
300 ## - DESCRIPCIÓN FÍSICA
Extensión 1596 + apénd.
503 ## - NOTA DE HISTORIA BIBLIOGRÁFICA (BK CF MU) [OBSOLETO]
Nota de historia bibliográfica ej.1: 110086
650 ## - PUNTO DE ACCESO ADICIONAL DE MATERIA--TÉRMINO DE MATERIA
Término de materia o nombre geográfico como elemento de entrada Español
Subdivisión general Diccionarios
9 (RLIN) 37725
901 ## - ELEMENTOS DE DATOS A LOCAL LDA (RLIN)
a 463 R4
902 ## - ELEMENTOS DE DATOS B LOCAL, LDB (RLIN)
a M
910 ## - DATOS DE OPCIÓN DEL USUARIO (OCLC)
Datos de opción del usuario 2001
942 ## - ELEMENTOS DE PUNTO DE ACCESO ADICIONAL (KOHA)
Tipo de ítem Koha Libro_
942 ## - ELEMENTOS DE PUNTO DE ACCESO ADICIONAL (KOHA)
Tipo de ítem Koha
Holdings
Estado de retiro Estado de pérdida Fuente del sistema de clasificación o colocación Estado dañado Restricciones de uso No para préstamo Código de colección Localización permanente Ubicación/localización actual Fecha de adquisición Fuente de adquisición Número de inventario Signatura topográfica completa Código de barras Fecha visto por última vez Número de copia Precio válido a partir de Tipo de ítem Koha
    Dewey Decimal Classification   Préstamo interno   Consulta Zootecnia Zootecnia 09/11/2005 Compra 110086 463 R4 z_4408 18/01/2022 1 18/01/2022 Libro